000
00346nam a2200157Ia 4500
003
OSt
005
20240415143501.0
008
170524s9999 xx 000 0 und d
020
_a
NIL
040
_c
IIMTU MEERUT
100
_a
S K PAUL
100
_c
1995
245
0
_a
PRINCIPLES OF ACCOUNTANCY
260
_a
NEW CENTRAL BOOK
942
_2
ddc
_c
02
999
_c
2081
_d
2081